000 00338 a2200157 4500
001 14174
020 _a9788504015591 (broch.)
040 _cAnchieta - Aquarius
100 _aJunqueira, Beto
240 1 0 _a=Os natos
_lpor
245 1 0 _a=Os natos
300 _a231p.
362 0 _a2009
650 4 _aLiteratura brasileira
942 _cBK
999 _c14174
_d14174